000 00663nam a2200265Ia 4500
005 20260324153401.0
008 008 260324s9999 xx 000 0 eng d
020 _a9780323917568
037 _aEBOOK
040 _aCRL
040 _beng
040 _cCRL
041 _2eng
041 _aeng
084 _qCRL
100 _aHamid Amiri
_91231264
245 0 _aHigher Alcohols Production Platforms: From Strain Development to Process Design
260 _bElsevier
260 _c2023
650 _aEnergy
856 _uhttps://www.sciencedirect.com/science/book/9780323917568
942 _cEBOOK
999 _c1842713
_d1842713